|
|
|
|
| LEADER |
00676cam a2200229 7i4500 |
| 001 |
0000017865 |
| 005 |
20151104090000.0 |
| 005 |
##20151104121200.0 |
| 003 |
##MY-KlINT |
| 020 |
# |
# |
|a 9833376045
|
| 039 |
# |
9 |
|y 201511041212
|z VLOAD
|
| 090 |
0 |
0 |
|a 025.524
|b IRM
|
| 100 |
1 |
# |
|a Irma Indayu Omar
|
| 245 |
1 |
0 |
|a Panduan mencari maklumat /
|c by Irma Indayu Omar dan Yushiana Mansor.
|
| 260 |
# |
# |
|a Pahang:
|b PTS Professional sdn bhd,
|c 2005.
|
| 300 |
# |
# |
|a viii,155p.:
|b ill;
|c 23cm.
|
| 490 |
0 |
# |
|a Siri teknologi maklumat
|
| 650 |
# |
0 |
|a Information retrieval
|
| 650 |
# |
0 |
|a Information technology
|
| 650 |
# |
0 |
|a Information literacy
|
| 650 |
# |
0 |
|a Information sciences
|
| 700 |
0 |
# |
|a Yushiana Mansor
|